000 00470nam a2200181Ia 4500
008 100917s9999 xx 000 0 und d
082 _b26797
100 _aबुध्दिसागर शांता
245 _aकणव
260 _bवसंत साहित्य
_c1976
300 _a93
365 _b7
520 _aकादंबरी
630 _aकणव
650 _aकादंबरी
730 _aकणव
942 _cBOOK
999 _c632191
_d632188